000 00289nam a22001337a 4500
008 170707b xxu||||| |||| 00| 0 eng d
020 _a9780838448182
041 _aeng
080 _a05
100 _a22
101 _aGJL
245 _aWEAVING IT TOGETHER
_cBROUKAL.M
942 _2udc
_cBK
999 _c20048
_d20048